000 00425nam a22001691a 4500
020 _a8187478225
082 _a759.954
_bRAS/I
100 _aRashda Siddiqui
245 _aIn conversation with Husain paintings/
_cby Rashda Siddiqui
260 _aNew Delhi:
_bBooks Today,
_c2001.
300 _a285p.
650 _aPaintings M F Husain
650 _aPaintings India
650 _aPainting
650 _aArts
942 _cREF
999 _c19205
_d19205